000 00923cam a22003134a 4500
001 12828251
003 OSt
005 20250918130237.0
008 020621s2002 stka b 001 0 eng
010 _a 2002026495
020 _a0723431817 (pbk.)
035 _a(DNLM)101148452
040 _aDNLM/DLC
_cDLC
_dDLC
042 _apcc
050 0 0 _aRK280
_b.B423 2002
060 1 0 _aWU 18.2
_bB513o 2002
082 0 0 _aWU 101 B4550 2002
_221
100 1 _aBerkovitz, B. K.; Holland, G.R; Moxham, B.J.
_9344
245 1 0 _aOral Anatomy, Embryology and Histology
_c.
250 _a3rd ed.
260 _aEdinburgh ;
_bMosby,
_c2002.
300 _axii, 378 p.;
_bcol.ill:
_c28 cm.
504 _aIncludes bibliographical references, & index.
650 0 _aOral Anatomy
_94145
650 0 _aOral Embryology
_94146
650 0 _aOral Histology
_960
906 _a7
_bcbc
_corignew
_d1
_eocip
_f20
_gy-gencatlg
942 _2z
_cSLOAN
999 _c1571
_d1571